| 000 | 01105cam a22002535a 4500 | ||
|---|---|---|---|
| 001 | 18232023 | ||
| 005 | 20161201153308.0 | ||
| 008 | 140718s2014 nhua frb 001 0 eng d | ||
| 020 | _a9781137328021 | ||
| 040 |
_aDLC _beng _cDLC _dDLC _dEG-ScBUE |
||
| 082 | 0 | 4 |
_a003.3 _222 _bROB |
| 100 | 1 |
_aRobinson, Stewart, _d1964- |
|
| 245 | 1 | 0 |
_aSimulation : _bthe practice of model development and use / _cStewart Robinson. |
| 250 | _a2nd ed. | ||
| 260 |
_aHampshire ; _aNew York : _bPalgrave Macmillan, _c2014. |
||
| 300 |
_axxii, 367 p. : _bill. ; _c26 cm. |
||
| 504 | _aIncludes bibliographical references and index. | ||
| 520 | _a"Simulation modelling involves the development of models that imitate real-world operations, and statistical analysis of their performance with a view to improving efficiency and effectiveness. This non-technical textbook is focused towards the needs of business, engineering and computer science students"-- | ||
| 650 | 7 |
_aComputer simulation. _2BUEsh _95817 |
|
| 650 | 7 |
_aSimulation methods. _2BUEsh _911552 |
|
| 651 | _2BUEsh | ||
| 653 |
_bBUSADM _cDecember2016 |
||
| 942 | _2ddc | ||
| 999 |
_c23418 _d23390 |
||